000 00487nam a22001577a 4500
005 20251108175212.0
008 250721s1993 xx 000 0 ara d
082 1 4 _a818.03/شاز
100 1 _aشازوف، بروفيسور يفغيني
245 1 0 _aالصحة والسلطة /
264 1 _aالقاهرة _ مصر :
_bدار عرب للدراسات والنشر،
_c1993.
300 _a196ص.
650 1 7 _aالمذكرات الادبية
942 _2ddc
_cBK
999 _c128553
_d128553